<?xml version="1.0" encoding="UTF-8"?>
<record
    xmlns:xsi="http://www.w3.org/2001/XMLSchema-instance"
    xsi:schemaLocation="http://www.loc.gov/MARC21/slim http://www.loc.gov/standards/marcxml/schema/MARC21slim.xsd"
    xmlns="http://www.loc.gov/MARC21/slim">

  <leader>02932aam a22003011i 4500</leader>
  <controlfield tag="001">99116518343804341</controlfield>
  <controlfield tag="005">20251028093136.0</controlfield>
  <controlfield tag="006">m    ||  d |      </controlfield>
  <controlfield tag="007">cr |||||||||||</controlfield>
  <controlfield tag="008">201207s2020    xxk|||||o    |||| ||eng  </controlfield>
  <datafield tag="015" ind1=" " ind2=" ">
    <subfield code="a">GBC338271</subfield>
    <subfield code="2">bnb</subfield>
  </datafield>
  <datafield tag="020" ind1=" " ind2=" ">
    <subfield code="a">9781352011104</subfield>
  </datafield>
  <datafield tag="035" ind1=" " ind2=" ">
    <subfield code="a">oai:ldls.org.uk:020037446</subfield>
  </datafield>
  <datafield tag="035" ind1=" " ind2=" ">
    <subfield code="a">(Uk)020037446</subfield>
  </datafield>
  <datafield tag="037" ind1=" " ind2=" ">
    <subfield code="a">9781352011111</subfield>
    <subfield code="b">Springer Nature</subfield>
  </datafield>
  <datafield tag="040" ind1=" " ind2=" ">
    <subfield code="a">Uk</subfield>
    <subfield code="b">eng</subfield>
    <subfield code="c">Uk</subfield>
    <subfield code="d">StEdNL</subfield>
  </datafield>
  <datafield tag="041" ind1=" " ind2=" ">
    <subfield code="a">English</subfield>
  </datafield>
  <datafield tag="042" ind1=" " ind2=" ">
    <subfield code="a">ukblsr</subfield>
  </datafield>
  <datafield tag="100" ind1=" " ind2=" ">
    <subfield code="a">Clark, James</subfield>
    <subfield code="c">(Lecturer in Buying and Merchandising),</subfield>
    <subfield code="e">author.</subfield>
  </datafield>
  <datafield tag="245" ind1="1" ind2="0">
    <subfield code="a">Fashion merchandising </subfield>
    <subfield code="b">: principles and practice </subfield>
    <subfield code="c">/ James Clark.</subfield>
  </datafield>
  <datafield tag="250" ind1=" " ind2=" ">
    <subfield code="a">Second edition.</subfield>
  </datafield>
  <datafield tag="264" ind1=" " ind2="1">
    <subfield code="a">London :</subfield>
    <subfield code="b">Red Globe Press,</subfield>
    <subfield code="c">2020.</subfield>
  </datafield>
  <datafield tag="300" ind1=" " ind2=" ">
    <subfield code="a">274 pages</subfield>
  </datafield>
  <datafield tag="505" ind1="0" ind2=" ">
    <subfield code="a">PART I: INTRODUCTION AND CONTEXT OF THE FASHION MERCHANDISER ROLE
&#x2014; Fashion Retailing
&#x2014; Fashion, Business and Product
&#x2014; The Activities of Buying and Merchandising
&#x2014; Organizing the Buying and Merchandising Function

PART II: FASHION MERCHANDISING
&#x2014; Fashion Merchandising: The Prentice Day Case Study
&#x2014; Fashion Merchandising: Research and Analysis
&#x2014; Fashion Merchandising: Budgeting
&#x2014; Fashion Merchandising: Open to Buy
&#x2014; Fashion Merchandising: Range Planning
&#x2014; Fashion Merchandising: Sizing, Deliveries and Allocation

PART III: FASHION MERCHANDISING AND THE MODERN TRADING ENVIRONMENT
&#x2014; Merchandising: A Global Perspective
&#x2014; e-Commerce and Buying and Merchandising
&#x2014; The Merchandiser and the Supply Chain
&#x2014; Sustainability and Product Management.</subfield>
  </datafield>
  <datafield tag="520" ind1=" " ind2=" ">
    <subfield code="a">Now in its second edition, this critically-acclaimed core textbook provides a detailed overview of the role of the fashion merchandiser, its place within a fashion retail organisation by outlining their activities and responsibilities as part of the fashion value chain. This overview is situated within the broader context of the fashion industry, highlighting the relevance of the merchandiser role and comparing it to the role of the fashion buyer.

The textbook features a multi-chapter case study that provides an example process of the planning and creation of a balanced product range from the perspective of the merchandiser. It does so using a combination of text and numerical explanation.

The second edition has been reworked with new contributions by academics and industry practitioners that examine topics such as sustainability, supply chain management e-Commerce and the international perspectives of the merchandiser role.

Offering crucial insight into the merchandiser role and emphasising how it can add value to a fashion business, this is an ideal textbook for aspiring merchandisers. It is suitable for students studying at undergraduate and postgraduate level and practitioners seeking to progress their careers in this exciting and multi-faceted industry.</subfield>
  </datafield>
  <datafield tag="650" ind1=" " ind2="0">
    <subfield code="a">Fashion merchandising</subfield>
    <subfield code="9">8540</subfield>
  </datafield>
  <datafield tag="942" ind1=" " ind2=" ">
    <subfield code="2">lcc</subfield>
  </datafield>
  <datafield tag="952" ind1=" " ind2=" ">
    <subfield code="0">0</subfield>
    <subfield code="1">0</subfield>
    <subfield code="2">lcc</subfield>
    <subfield code="4">0</subfield>
    <subfield code="7">0</subfield>
    <subfield code="a">TBS</subfield>
    <subfield code="b">TBS</subfield>
    <subfield code="d">2025-07-03</subfield>
    <subfield code="l">0</subfield>
    <subfield code="o">HF5437 CLA</subfield>
    <subfield code="p">B05668</subfield>
    <subfield code="r">2025-07-03</subfield>
    <subfield code="t">1</subfield>
    <subfield code="w">2025-07-03</subfield>
    <subfield code="y">1</subfield>
  </datafield>
  <datafield tag="999" ind1=" " ind2=" ">
    <subfield code="c">4820</subfield>
    <subfield code="d">4820</subfield>
  </datafield>
</record>
